000 00721 a2200193 4500
999 _c5325
_d5325
020 _a020187072X
050 0 0 _aQA297. GER1985
100 1 _aGerald, Curtis F.,
_d1915-
245 1 0 _aApplied numerical analysis /
_cCurtis F. Gerald, Patrick O. Wheatley.
250 _a6th ed.
264 _aNew York:
_bAddison Wesley.,
_c1985
300 _a1 v. (various pagings) :
_bill. ;
500 _aIncludes bibliographical references and index.
504 _aIncludes bibliographical references and index.
650 0 _aNumerical analysis.
700 1 _aWheatley, Patrick O.
942 _2lcc
_cBK
_h297
_iGER
_kQA